000
00270nam a22001217a 4500
082
_a
894.812.1
_b
VEN/V
100
_a
VENNIYUR, RASHEED
245
_a
VAYICHOKKA
246
_a
VAYICHOKKA
_b
VAYICHOKKA
260
_a
CALICUT
_b
MADHARAM
650
_a
MALAYALAM POEM
942
_c
BK
999
_c
9081
_d
9081